00476 2200181 4500245004500000020002200045250000900067100001800076700002000094700002400114650004300138005001900181260004200200041001400242084000800256300002100264336000900285 aThe Wrath of AngelscConnoly, JohnhText a978-602-03-3091-4 a2012 aConnoly, John aJulanda Tantani aRini Nurul Badariah aFiksi Inggris (dalam Bahasa Indonesia) a20240906125236 aJakartabGramedia Pustaka Utamac2016 aIndonesia a823 a656 hlm :c20 cm atext